00388nam a2200121Ia 4500003000400000005001700004008004100021040001800062041000800080100004500088245009900133260003400232OSt20260123151213.0211028s2016 xx 000 0 und d cAIMIT LIBRARY aeng aVarghese, Sujith; Rose, Swapna.g1416143 aStudy on customer perception towards the purchase of electronic goods at Attinkara retailers / aMangalorebSwapna Rose.c2016